000 02714 a2200289 4500
008 090317t xxu||||| |||| 00| 0 eng d
010 _aB-288320-325
020 _a8170284554
_c200.00
035 _aB-288320-325
037 _bराजपाल एण्ड सन्ज
040 _adpl
_bHN
082 _a820.92
100 _aविष्णु प्रभाकर
245 _aपंखहीन /
_cविष्णु प्रभाकर
260 _aदिल्ली
_bराजपाल एण्ड सन्ज़
_c2006
270 _a1590 मदरसा रोङ कश्मीरी गेट
_b दिल्ली
_e110006
300 _a206पृ
_c22सेमी (सजिल्द)
490 _aएक दिशाहीन सफ़र-1
942 _adpl
_cHN
_2ddc
_h820.92
_mविष्णुप्र
999 _c12834
_d12834